|
|
|
|
| LEADER |
00000nab a2200000 a 4500 |
| 001 |
vtls000346157 |
| 003 |
SK-MaSNL |
| 005 |
20260305003504.0 |
| 008 |
140402c1989 xo 0 slo |
| 015 |
|
|
|a SNBRB19rr/mm-uuuuu
|
| 035 |
|
|
|a CL0346279
|
| 040 |
|
|
|a SNKBUCL
|b slo
|c SNKBUCL
|e AACR2
|
| 041 |
0 |
|
|a slo
|
| 044 |
|
|
|a xo
|c SK
|
| 080 |
|
|
|a 329.75(437.6)
|2 1981
|
| 100 |
1 |
|
|a Pašek, Josef,
|d narodený 1916
|4 aut
|9 263000
|
| 245 |
1 |
0 |
|a Zasadalo predsedníctvo FÚV ČSZPB
|c Josef Pašek
|
| 650 |
0 |
7 |
|a Československý zväz protifašistických bojovníkov
|2 snkbucl
|9 923063
|
| 655 |
|
7 |
|a články z novín a časopisov
|2 snkbucl
|9 267496
|
| 773 |
0 |
|
|t Bojovník
|g Roč. 34, č. 10 (1989), s. 2
|
| 850 |
|
|
|a Slovenská národná knižnica v Martine
|a MTA001
|
| 852 |
|
|
|a SNK
|b KIS3GCP
|
| 957 |
|
|
|a 3100
|
| 958 |
|
|
|a RK
|
| 992 |
|
|
|a RBX
|
| 999 |
|
|
|c 3230568
|d 3232498
|